MESTSKÁ KNIŽNICA GIRALTOVCE  - online katalóg 

Slávne romány 20. storočia (Record no. 23266)

000 -NÁVESTIE
fixed length control field 02077cam a2200553 a 4500
001 - EVIDENČNÉ ČÍSLO ZÁZNAMU - Kontrolné číslo
control field vtls008774182
005 - DÁTUM A ČAS POSLEDNEJ TRANSAKCIE
control field 20220708132609.0
008 - ÚDAJE S PEVNOU DĹŽKOU – VŠEOBECNÉ INFORMÁCIE
fixed length control field 160610s2006 xo o g 001 1 slo
020 ## - MEDZINÁRODNÉ ŠTANDARDNÉ ČÍSLO KNIHY (ISBN)
Medzinárodné štandardné číslo knihy (ISBN) 8080851077 (viaz.)
Údaje o dostupnosti Sk 399,00 Sk
035 ## - Iný štandardný identifikátor
Iný štandardný identifikátor C0431578-AEA3-4C6D-9489-7E03B77583A3
035 ## - Iný štandardný identifikátor
Iný štandardný identifikátor urn:nbn:sk:snk-amlbq4
035 ## - Iný štandardný identifikátor
Iný štandardný identifikátor urn:nbn:sk:snk-am00929q
040 ## - ZDROJ KATALOGIZÁCIE
Pôvodná katalogizujúca agentúra MIZKGZ
Jazyk katalogizácie slo
Prepisujúca agentúra MIZKGZ
Konvencie popisu AACR2
Modifikujúca agentúra SNK
041 1# - KÓD JAZYKA
Kód jazyka textu/zvukovej stopy alebo samostatných nápisov slo
Kód jazyka originálu a/alebo sprostredkujúcich prekladov textu ger
044 ## - KÓD KRAJINY VYDAVATEĽA/PRODUCENTA
Kód krajiny MARC xo
Kód krajiny ISO SK
072 #7 - KÓD PREDMETOVEJ KATEGÓRIE
Kód predmetovej kategórie 821
Pododdiel kódu predmetovej kategórie Literatúry v rôznych jazykoch
Zdroj konspekt
080 ## - ČÍSLO MEDZINÁRODNÉHO DESATINNÉHO TRIEDENIA (MDT)
Číslo Medzinárodného desatinného triedenia (MDT) 821(100)-31
Identifikátor vydania 2001
080 ## - ČÍSLO MEDZINÁRODNÉHO DESATINNÉHO TRIEDENIA (MDT)
Číslo Medzinárodného desatinného triedenia (MDT) 821(100)-051
Identifikátor vydania 2001
080 ## - ČÍSLO MEDZINÁRODNÉHO DESATINNÉHO TRIEDENIA (MDT)
Číslo Medzinárodného desatinného triedenia (MDT) 791=025
Identifikátor vydania 2001
080 ## - ČÍSLO MEDZINÁRODNÉHO DESATINNÉHO TRIEDENIA (MDT)
Číslo Medzinárodného desatinného triedenia (MDT) (048.8)
Identifikátor vydania 2001
080 ## - ČÍSLO MEDZINÁRODNÉHO DESATINNÉHO TRIEDENIA (MDT)
Číslo Medzinárodného desatinného triedenia (MDT) 82.07
Identifikátor vydania 2001
100 1# - OSOBNÉ MENÁ – VŠEOBECNÉ INFORMÁCIE
Osobné meno Scholl, Joachim,
Dátumy súvisiace s menom 1960-
-- 3169
240 10 - UNIFIKOVANÝ NÁZOV
Unifikovaný názov 50 Klassiker Romane
Jazyk diela Slovensky
245 10 - NÁZOV
Názov Slávne romány 20. storočia
Zvyšok názvu 50 najvýznamnejších moderných románov
Údaj o zodpovednosti atď. v podaní Joachima Scholla v spolupráci s Ulrike Braunovou ; [z nemeckého originálu preložila Milica Matejková]
246 3# - INÁ FORMA NÁZVU
Hlavný názov/skrátený názov Fünfzig Klassiker Romane
246 30 - INÁ FORMA NÁZVU
Hlavný názov/skrátený názov 50 najvýznamnejších moderných románov
246 3# - INÁ FORMA NÁZVU
Hlavný názov/skrátený názov Päťdesiat najvýznamnejších moderných románov
250 ## - ÚDAJ O PORADÍ VYDANIA
Údaj o poradí vydania 1. vyd.
260 ## - VYDAVATEĽSKÉ ÚDAJE, DISTRIBÚCIA ATĎ.
Miesto publikovania, distribúcie atď. Bratislava
Názov vydavateľa, distibútora atď. Slovart
Dátum publikovania, distribúcie atď. 2006
300 ## - FYZICKÝ POPIS
Rozsah 279 s.
Ďalšie fyzické detaily fotogr. (prevažne fareb.)
Rozmery 24 cm
500 ## - VŠEOBECNÁ POZNÁMKA
Formátovaná poznámka o obsahu Fotogr. na tit. strane
648 #7 - PRIDANÝ VSTUP – PREDMET – CHRONOLOGICKÝ TERMÍN
Chronologický termín 20. stor.
Zdroj hesla alebo termínu SNKPH
-- 2181
650 07 - PRIDANÝ VSTUP – PREDMET – TEMATICKÉ HESLO
Tematické heslo alebo geografický názov ako vstupný prvok svetový román
Zdroj hesla alebo termínu SNKPH
-- 1664
650 07 - PRIDANÝ VSTUP – PREDMET – TEMATICKÉ HESLO
Tematické heslo alebo geografický názov ako vstupný prvok svetoví spisovatelia
Zdroj hesla alebo termínu SNKPH
-- 3170
650 07 - PRIDANÝ VSTUP – PREDMET – TEMATICKÉ HESLO
Tematické heslo alebo geografický názov ako vstupný prvok filmové adaptácie
Zdroj hesla alebo termínu SNKPH
-- 3171
650 07 - PRIDANÝ VSTUP – PREDMET – TEMATICKÉ HESLO
Tematické heslo alebo geografický názov ako vstupný prvok interpretácia a prijatie literárneho diela
Zdroj hesla alebo termínu SNKPH
-- 3149
650 07 - PRIDANÝ VSTUP – PREDMET – TEMATICKÉ HESLO
Tematické heslo alebo geografický názov ako vstupný prvok svetová literatúra
Zdroj hesla alebo termínu SNKPH
-- 1654
650 07 - PRIDANÝ VSTUP – PREDMET – TEMATICKÉ HESLO
Tematické heslo alebo geografický názov ako vstupný prvok World ficton
Zdroj hesla alebo termínu SNKPHeng
-- 1665
650 07 - PRIDANÝ VSTUP – PREDMET – TEMATICKÉ HESLO
Tematické heslo alebo geografický názov ako vstupný prvok World authors
Zdroj hesla alebo termínu SNKPHeng
-- 3172
650 07 - PRIDANÝ VSTUP – PREDMET – TEMATICKÉ HESLO
Tematické heslo alebo geografický názov ako vstupný prvok Film adaptations
Zdroj hesla alebo termínu SNKPHeng
-- 3173
650 07 - PRIDANÝ VSTUP – PREDMET – TEMATICKÉ HESLO
Tematické heslo alebo geografický názov ako vstupný prvok Interpretation and reception of literature
Zdroj hesla alebo termínu SNKPHeng
-- 3154
650 07 - PRIDANÝ VSTUP – PREDMET – TEMATICKÉ HESLO
Tematické heslo alebo geografický názov ako vstupný prvok World literature
Zdroj hesla alebo termínu SNKPHeng
-- 1658
655 #7 - INDEXAČNÝ TERMÍN – ŽÁNER/FORMA
Údaje o žánri/forme alebo termín, ktorý je prvok fazety prehľady
Zdroj termínu SNKPH
-- 2711
655 #7 - INDEXAČNÝ TERMÍN – ŽÁNER/FORMA
Údaje o žánri/forme alebo termín, ktorý je prvok fazety Surveys
Zdroj termínu SNKPHeng
-- 2712
700 1# - PRIDANÝ VSTUP – OSOBNÉ MENO
Osobné meno Braun, Ulrike,
Dátumy súvisiace s menom 1965-
Kód roly aut
-- 3174
700 1# - PRIDANÝ VSTUP – OSOBNÉ MENO
Osobné meno Matejková, Milica
Kód roly trl
-- 3175
958 ## - Formálny deskriptor
Formálny deskriptor LX
958 ## - Formálny deskriptor
Formálny deskriptor OP
Holdings
Stav stiahnutia (Blokovanie) (Withrawn status) Stav straty Zdroj klasifikácie pre skladovanie Stav poškodenia (Damaged status) Nie pre výpožičky (Not for loan) Spôsob nadobudnutia (Collection code) Trvalé umiestnenie Aktuálne umiestnenie Dátum nadobudnutia Inventárne číslo (prírastkové číslo) Celkom výpožičky Full call number Čiarový kód Dátum posledného výskytu Dátum poslednej výpôžičky Cena s účinnosťou od Typ jednotky Koha
          Dar Mestská knižnica Giraltovce Mestská knižnica Giraltovce 2022-07-08 21599 1 S1524 S1524 2022-09-30 2022-09-14 2022-07-08 Odborná literatúra pre dospelých

Powered by Koha